| Поле | Инд. | ПП | Название | Значение |
|---|---|---|---|---|
| Тип записи | a | |||
| Библиографический уровень | b | |||
| 001 | Контрольный номер | RU/LIBMSTU/259844521 | ||
| 005 | Дата корректировки | 20200416144220.0 | ||
| 080 | 00 | a | Индекс УДК | 94(47+57)"1941/1945" |
| 084 | a | Индекс другой классификации/Индекс ББК | 63.3(2)62+68.69 | |
| 090 | f | Сигла хранения (DOS) | чз | |
| 100 | 10 | a | Автор | Ковалев С. |
| 245 | 00 | a | Заглавие | Секретные базы Кригсмарине в советском секторе Арктики |
| 500 | 00 | a | Примечание | Окончание следует |
| 583 | x | Служебное примечание | Арктические исследования | |
| x | Служебное примечание | Краеведческий каталог | ||
| 651 | _4 | a | Географическое наименование | Мурманская область |
| 651 | _4 | a | Географическое наименование | Арктика |
| 653 | 00 | a | Ключевые слова | Великая Отечественная война 1941-1945 гг.; История СССР; Конвои союзные |
| a | Ключевые слова | Краеведение | ||
| a | Ключевые слова | Исследования арктические | ||
| 773 | 00 | t | Название источника | Морской сборник |
| d | Место и дата издания | 2002 | ||
| g | Прочая информация | № 8. - С. 65-69 | ||
| 901 | t | Тип документа | b |